| 000 | 00499nam a2200169Ia 4500 | ||
|---|---|---|---|
| 003 | GCL | ||
| 008 | 140319s9999 xx 000 0 eng d | ||
| 040 |
_aGCL / _cGCL |
||
| 082 | 0 | 4 |
_a597.09211 _bJ F |
| 100 | 1 | _aJOHN AND GILLIAN LLYTHGOE | |
| 245 | 1 | 0 |
_aFISHES OF THE SRAI THE NORTH ATLANTIC AND MEDITERRANEAN / _cJOHN AND GILLIAN LLYTHGOE |
| 260 |
_a[S.N] : _bBLANFORD ، _c1991 |
||
| 300 | _a255 P | ||
| 650 | 0 | 4 | _aMEDITERRANEAN SEA |
| 650 | 0 | 4 | _aMARINE FISHES - NORTH ATLANTIN |
| 942 |
_2ddc _cBK |
||
| 999 |
_c11658 _d11658 |
||